| Tag |
First Indicator |
Second Indicator |
Subfields |
| LEADER |
00000cam a22000008a 4500 |
| 001 |
in00000011533 |
| 005 |
20151007052102.0 |
| 008 |
880205s1988 cauc b 10000 eng |
| 010 |
|
|
|a 88004303
|
| 020 |
|
|
|a 0892361360 :
|c $10.00
|
| 035 |
|
|
|a (OCoLC)17508788
|
| 035 |
|
|
|9 AAA6219AM
|
| 040 |
|
|
|a DLC
|c DLC
|d TXA
|d UtOrBLW
|
| 043 |
|
|
|a n-us---
|
| 049 |
|
|
|a TXAM
|c [A11047127]
|
| 050 |
0 |
0 |
|a N362
|b .I87 1988
|
| 082 |
0 |
|
|a 707/.1273
|2 19
|
| 245 |
0 |
0 |
|a Issues in discipline-based art education :
|b strenghtening the stance, extending the horizons : seminar proceedings, May 21-24, 1987, an invitation seminar /
|c sponsored by the Getty Center for Education in the Arts.
|
| 263 |
|
|
|a 8802
|
| 264 |
|
1 |
|a Los Angeles, CA :
|b The Center,
|c [1988]
|
| 264 |
|
4 |
|c ©1988
|
| 300 |
|
|
|a 148 pages :
|b portraits
|
| 336 |
|
|
|a text
|b txt
|2 rdacontent
|
| 337 |
|
|
|a unmediated
|b n
|2 rdamedia
|
| 338 |
|
|
|a volume
|b nc
|2 rdacarrier
|
| 504 |
|
|
|a Includes bibliographies.
|
| 650 |
|
0 |
|a Art
|x Study and teaching (Elementary)
|z United States
|x Congresses.
|
| 650 |
|
0 |
|a Art
|x Study and teaching (Secondary)
|z United States
|x Congresses.
|
| 650 |
|
0 |
|a Visual perception
|v Congresses.
|
| 650 |
|
0 |
|a Learning, Psychology of
|v Congresses.
|
| 710 |
2 |
|
|a Getty Center for Education in the Arts.
|
| 999 |
|
|
|a MARS
|
| 999 |
f |
f |
|s 64ee6702-d184-3de3-a876-5133569ee53c
|i 474bb02b-d8c9-3078-aaee-e5248bb1e625
|t 0
|
| 952 |
f |
f |
|p ric
|a Texas A&M University
|b Rellis Campus
|c Joint Library Facility
|d Remote Storage
|t 0
|e N362 .I87 1988
|h Library of Congress classification
|i unmediated -- volume
|m A14811047127
|
| 998 |
f |
f |
|a N362 .I87 1988
|t 0
|l Remote Storage
|